| 000 | 01353cad a22002295a 4500 | ||
|---|---|---|---|
| 001 | E148028 | ||
| 008 | 090715s2009 xxkd f s 000 0 eng d | ||
| 035 | _a(Sirsi) u148028 | ||
| 041 | 0 | _aeng | |
| 050 | 0 | 4 | _a333.33 $2 18 |
| 110 | 2 |
_aJones Lang LaSalle _93755 |
|
| 245 | 0 | 0 |
_aGlasgow city report _bSpring 2009 _h[electronic resource] |
| 260 |
_a[Glasgow] _bJones Lang LaSalle _c2009 |
||
| 490 | 0 |
_aJones Lang Lasalle Glasgow City Report _vSpring 2009 |
|
| 520 | _aReports that total returns for 2008 were substantially below those for 2007, at -22.1%, compared to -3.7% in 2007. This is the lowest return since the start of the IPD Index. Although the industrial sector remained stable in 2008, there was a slow down in take up towards the end of the year. In the office sector, take up was low, although vacancy rates were also low due to lack of supply. In the retail sector, rents remained stable or fell slightly, with letting activity focussed on particular streets. Also looks at the leisure market and development land. | ||
| 590 | _aKA | ||
| 650 | 2 | 4 | _aJONES LANG LASALLE GLASGOW CITY REPORT |
| 651 | 4 | _aGlasgow | |
| 690 | _aPROPERTY-COMMERCIAL PROPERTY-COMMERCIAL PROPERTY MARKET | ||
| 856 | 4 | 0 |
_uhttps://www.joneslanglasalle.co.uk _zView the report free of charge (following registration) at www.joneslanglasalle.co.uk... |
| 942 | _n0 | ||
| 999 |
_c109850 _d109850 |
||